00550 2200193 4500001002100000005001500021008004100036020002200077035002500099041000800124082001000132090001000142100002000152245007300172250001600245260004200261300003100303650002200334INLIS00000000000506720130515151232 ind  a978-979-22-2926-4 a0010-051300000005067 aind a158.2 a158.2 aDaniel, Goleman aSocial Intelligence ( Ilmu Baru Tentang Hubungan Antar-Manusia ) c.2 aCetakan : 1 aJakartabGramedia Pustaka Utamac2007 a547 hlm. : ilus. ;22.5 cm. aPsikologi Terapan